LEADER 01182nam a2200229 4500 001 000000359984 003 CaOOAMICUS 005 20240927114241.0 008 240927s1908 it 000 u ita r 040 $aSeMil$bita 100 1 $aDecurtins, Gaspare.$0(OLS)http://semarc/name/88433 245 13$aLa Riforma sociale cristiana e il Riformismo cattolico (Modernismo) /$clettera del prof. dr. Gaspare De Curtis ; traduzione autorizzata del Sac. dr. Angiolo Pometta. 246 03$aLa Riforma sociale christiana e il Riformismo cattolico (Modernismo) 264 1$aLucerna :$bTipografia J. Schills Erben,$c1908. 300 $a20 p. ;$c22 cm 700 1 $aPometta, Angiolo.$0(OLS)http://semarc/name/118231 850 $aSeMil 852 $aSeMil$W1$xVenegono$y1$m5C VI 7/19$j251041$B251026$CSeMilBibl$Z2$F251026 $8I 996 $6245$aLa Riforma sociale cristiana e il Riformismo cattolico (Modernismo)$9(OLS)http://semarc/title/450409 996 $6246$aLa Riforma sociale christiana e il Riformismo cattolico (Modernismo)$9(OLS)http://semarc/title/450411 996 $6264$aLucerna :$bTipografia J. Schills Erben$9(OLS)http://semarc/publisher/61982 LEADER 01379nam a2200301 i 4500 001 000000217401 003 CaOOAMICUS 005 20130308000000.0 008 130308s2012 it u000 u ita u 013 $a196298 020 $a978-88-8227-359-0 040 $aSeMil$bita 100 1 $aNault, François <1968- >.$0(OLS)http://semarc/name/38140 240 13$aLe lavement des pieds : un asacrement.$0(OLS)http://semarc/title/312334 245 13$aLa lavanda dei piedi :$bun "asacramento" /$cFrançois Nault. 260 $aMagnano :$bQiqajon,$c2012. 300 $a132 p. ;$c21 cm. 490 0 $aLiturgia e vita 650 4$aBibbia. Nuovo Testamento. Vangelo secondo Giovanni - Commentari, studi, critica, interpretazioni.$0(OLS)http://semarc/subject/119 650 4$aBibbia - NT - Giovanni, 13.$0(OLS)http://semarc/subject/20578 650 4$aBibbia - NT - Giovanni - Lavanda dei piedi.$0(OLS)http://semarc/subject/40337 830 0$aLiturgia e vita.$0(OLS)http://semarc/title/424526 850 $aSeMil 852 $aSeMil$W1$xVenegono$y1$m2D II 430$j167815$B167815$CSeMilBibl$Z2$F178593 $81 961 $aCambio: Scuola Cattolica 996 $6020$a978-88-8227-359-0$9(OLS)http://semarc/number/214716 996 $6245$aLa lavanda dei piedi :$bun "asacramento"$9(OLS)http://semarc/title/312333 996 $6260$aMagnano :$bQiqajon$9(OLS)http://semarc/publisher/32326